Financial accounting / (Record no. 3193)

000 -LEADER
fixed length control field 01077cam a2200325 a 4500
001 - CONTROL NUMBER
control field 13017130
003 - CONTROL NUMBER IDENTIFIER
control field OSt
005 - DATE AND TIME OF LATEST TRANSACTION
control field 20160907110520.0
008 - FIXED-LENGTH DATA ELEMENTS--GENERAL INFORMATION
fixed length control field 021202s2004 njua 001 0 eng
010 ## - LIBRARY OF CONGRESS CONTROL NUMBER
LC control number 2002037080
020 ## - INTERNATIONAL STANDARD BOOK NUMBER
International Standard Book Number 9781741031256
040 ## - CATALOGING SOURCE
Original cataloging agency DLC
Transcribing agency DLC
Modifying agency DLC
050 00 - LIBRARY OF CONGRESS CALL NUMBER
Classification number HF5636.H67 2004
082 00 - DEWEY DECIMAL CLASSIFICATION NUMBER
Classification number 657
Edition number 21
100 1# - MAIN ENTRY--PERSONAL NAME
Personal name Horngren, Charles T.
245 10 - TITLE STATEMENT
Title Financial accounting /
Statement of responsibility, etc Charles T. Horngren. [et...al]
250 ## - EDITION STATEMENT
Edition statement 4th ed.
260 ## - PUBLICATION, DISTRIBUTION, ETC. (IMPRINT)
Place of publication, distribution, etc Australia. :
Name of publisher, distributor, etc Prentice Hall Pearson Education,
Date of publication, distribution, etc c2004.
300 ## - PHYSICAL DESCRIPTION
Extent xxiii, 846 p. :
Other physical details ill. ;
Dimensions 29 cm. +
Accompanying material 1 CD-ROM (4 3/4 in.)
500 ## - GENERAL NOTE
General note Includes indexes.
538 ## - SYSTEM DETAILS NOTE
System details note System requirements for accompanying CD-ROM: Microsoft Windows 98, 2000, NT, ME, or XP.
650 #0 - SUBJECT ADDED ENTRY--TOPICAL TERM
Topical term or geographic name as entry element Accounting.
700 1# - ADDED ENTRY--PERSONAL NAME
Personal name Harrison, Walter
700 1# - ADDED ENTRY--PERSONAL NAME
Personal name Best,Peter
700 1# - ADDED ENTRY--PERSONAL NAME
Personal name Fraser,David
700 1# - ADDED ENTRY--PERSONAL NAME
Personal name Willet,Roger
906 ## - LOCAL DATA ELEMENT F, LDF (RLIN)
a 7
b cbc
c orignew
d 1
e ocip
f 20
g y-gencatlg
942 ## - ADDED ENTRY ELEMENTS (KOHA)
Source of classification or shelving scheme
Koha item type Book
Holdings
Withdrawn status Lost status Source of classification or shelving scheme Damaged status Not for loan Home library Current library Shelving location Date acquired Total Checkouts Full call number Barcode Date last seen Date checked out Copy number Price effective from Koha item type
          Riara University Library Riara University Library General stack 07/09/2016 2 HF5636.H67 2004 7714/16 28/02/2023 22/02/2023 C.1 07/09/2016 Book

Riara University Library,
P.O. Box 49940-00100,
Nairobi, Kenya.